000
00300nam a22001337a 4500
008
260423b ||||| |||| 00| 0 eng d
020
_a
9789951434096
041
_a
eng
080
_a
37.014
100
_a
20
101
_a
Modele per mesimdhenie
245
_a
Mesazhe nga Klasa II
942
_2
udc
_c
BK
999
_c
60987
_d
60987